|
|
|
|
| LEADER |
01267nam a22003134a 4500 |
| 001 |
40454 |
| 003 |
BD-DhAAL |
| 005 |
20230315122606.0 |
| 008 |
230315t2003 dcu b i001 0 eng |
| 010 |
|
|
|a 2003050061
|
| 020 |
|
|
|a 0821354345
|
| 035 |
|
|
|a 1059019
|
| 040 |
|
|
|a DLC
|b eng
|c DLC
|d DLC
|
| 042 |
|
|
|a pcc
|
| 043 |
|
|
|a d------
|
| 082 |
0 |
0 |
|a 336.2783321724
|2 21
|
| 245 |
0 |
0 |
|a Taxation of financial intermediation :
|b theory and practice for emerging economies /
|c edited by Patrick Honohan.
|
| 260 |
|
|
|a Washington, DC :
|b World Bank,
|c c2003.
|
| 300 |
|
|
|a xiv, 443 pages ;
|c 23 cm.
|
| 500 |
|
|
|a "A co-publication of the World Bank and Oxford University Press."
|
| 504 |
|
|
|a Includes bibliographical references and index.
|
| 541 |
|
|
|a Akbar Ali Khan Collection
|e 40454
|
| 650 |
|
0 |
|a Financial services industry
|x Taxation
|z Developing countries.
|9 53863
|
| 700 |
1 |
|
|a Honohan, Patrick.
|9 53243
|
| 710 |
2 |
|
|a World Bank.
|
| 852 |
|
|
|a Ayesha Abed Library
|c Akbar Ali Khan Collection
|
| 942 |
|
|
|2 ddc
|c BK
|
| 999 |
|
|
|c 45597
|d 45597
|
| 952 |
|
|
|0 0
|1 0
|2 ddc
|4 0
|6 336_278332172400000_TAX
|7 1
|9 73415
|a BRACUL
|b BRACUL
|c AAKC
|d 2023-03-15
|e Donated by Akbar Ali Khan
|g 3020.63
|l 0
|o 336.2783321724 TAX
|p 3010040454
|r 2023-03-15
|t 1
|v 3020.63
|w 2023-03-15
|y BK
|x £26.69 https://www.amazon.co
|